Les Vacances des Croûtons - Statistiques

Statistiques générales
  • Ce quiz a été pris 57 fois
    48 depuis la dernière actualisation
  • Le résultat moyen est 9 sur 33
Statistiques - réponses
Hint Réponse % Correct
Combien de voyages (à l'heure actuelle) la Team Croûton a-t-elle réalisé ? 7
100%
Combien de membres est-ce que la Team Croûton compte actuellement (Juillet 2025) ? 7
100%
Duos dans "Un Croûton Presque Parfait" Michou/Pidi ; Valouzz/Inoxtag ; Dobby/Apo ; LeBouseuh/Doc Jazy
88%
Lors des Vacances en Afriques du Sud, quel était le croûton qui n'a pas pu revenir car il avait attrapé le Covid ? Michou
68%
Dans les titres des vlog de Valouzz, quel Croûton était le plus souvent dans les titres ? Inoxtag
60%
Pendant quelle période de vacances "Mili Mili" de Inoxtag est sortie ? Maroc
60%
Au moment de quelles vacances Apo avait rejoint la Team ? Corse
56%
Pendant quelle période de vacances est-ce que Michou a sortie "Dans le Club" et Inoxtag a sortie "Funkinox" ? Corse
56%
Qui sont les 2 Croûtons qui ont eu un problème de valises en Afrique du Sud ? Inoxtag et Valouzz
44%
Membres de la Team Michou
Inoxtag
Valouzz
Pidi
LeBouseuh
Dobby
Doc Jazy
40%
Qui sont les Croûtons qui ne sont pas venus au Mexique, en Afrique du Sud et en Belgique ? Apo et Doc Jazy
36%
Quel événement a mis de la bonne humeur pendant les vacances au Mexique ? Andréa Pedrero (La Sirène)
24%
Quel est le nom de la photographe qui accompagne les Croûtons pendant tout leur voyages ? Aurore
24%
Les anciens membres de la Team Croûton ? Deujna ; Apo
24%
Quel événement spécial a perturbé les vacances des Croûtons au Mexique ? La Tempête Grace
24%
Quel est la peur de Doc ? L'avion
20%
Et pendant le Canada, la Corse et les Alpes ? Les Produits Laitiers
12%
Et pendant le Mexique et l'Afrique du Sud ? Rhinoshield
12%
Qui a accompagné les Croûtons pendant le Maroc et le Canada ? Saïd/Babakam et Meddy
12%
Pendant quels voyages Pidi a sortie ses 3 musiques (Ça va aller ; Dans ma Folie ; Disquette) ? Alpes ; Mexique ; Afrique du Sud
8%
Pendant les vacances au Maroc, qui a accompagné et sponsorisé les Croûtons ? Predator
8%
Pendant quelles vacances Luca (le monteur de Valouzz) est-il venu avec les Croûtons ? Alpes et Mexique
4%
Comment s'appelait la ville du Chalet dans les Alpes ? Manigo
4%
Pendant les vacances en Corse, pourquoi LeBouseuh avait du se faire tester contre le Covid ? Car avant les vacances, il avait vu TiboInshape qui l'a appelé au début des vacances pour lui dire qu'il était positif
0%
Quelles étaient les exceptions du Châlet au Alpes comparés aux autres villas ? Cinéma, Spa, Hamam, Salle de Massage
0%
Pendant les vacances aux Canada, pourquoi LeBouseuh et Deujna sont arrivé au Canada 4 jours plus-tard que le autres Croûtons ? LeBouseuh était malade et donc Deujna est restée avec lui pour lui tenir compagnie
0%
Une série de vidéo qu'il ait obligé d'y avoir pendant les vacances des Croûtons ? Le Cache-Cache de Michou
0%
Quel autre série de vidéos les fans de la team attendent ? Les vidéos piscine de LeBouseuh
0%
Quel même les autres Croûtons avaient-ils créer sur Inox ? "Mais, j'suis dépendant"
0%
Qui est le grand chef cuisinier que les Croûtons ont rencontrés dans les Alpes ? Marc Veyrat
0%
Destinations des voyages réalisés par la Team Croûton jusqu'à aujourd'hui (juillet 2025) ? Maroc ; Canada ; Corse ; Alpes ; Mexique ; Afriques du Sud ; Belgique
0%
Pendant les vacances en Corse, quel concept est-ce que Doc Jazy a-t-il repris ? Un Dîner Presque Parfait renommé en Un Croûton Presque Parfait
0%
Comment s'appelle la villa du Maroc ? Villa Kristy
0%
Aucun quiz correspondant
Distribution des résultats
% des personnes avec chaque résultat
Percentile par nombre de réponses
Votre historique - résultats
Vous n’avez pas pris ce quiz depuis la dernière actualisation